Größte Städte weltweit um das Jahr 1870 - Statistiken

Allgemein
  • Dieses Quiz wurde 79 mal gespielt
  • Das Durchschnittsergebnis liegt bei 9 aus 12
Antwortstatistiken
# Einwohner Stadt % Korrekt
7 826.341 Berlin
97%
1 3.840.595 London
97%
3 1.469.045 New York
95%
2 2.300.000 Paris
93%
11 601.969 Moskau
88%
5 875.000 Peking
88%
12 595.900 Tokio
87%
8 800.000 Konstantinopel
80%
4 900.998 Wien
70%
6 842.900 St. Petersburg
55%
9 674.022 Philadelphia
26%
10 644.605 Bombay
18%
Keine übereinstimmenden Quizze gefunden
Verteilung der Resultate
Anzahl Personen mit jedem Resultat
Perzentil nach korrekt beantworteten Fragen
Ihre Resultats-Entwicklung
Sie haben dieses Quiz noch nicht gespielt